Friedrich Schleiermacher (Record no. 12568)

MARC details
000 -LEADER
fixed length control field 00629nam a2200241 a 4500
020 ## - INTERNATIONAL STANDARD BOOK NUMBER
ISBN
082 00 - DEWEY DECIMAL CLASSIFICATION NUMBER
Classification number 230
Author Cutter SCH2
100 ## - MAIN ENTRY--AUTHOR NAME
Author name Schleiermacher, Freidrich
245 ## - TITLE STATEMENT
Title Friedrich Schleiermacher
Sub title Pioneer of Modern Theology
260 ## - PUBLICATION, DISTRIBUTION, ETC. (IMPRINT)
Place of publication London
Name of publisher Watts and Company
Year of publication 1987
300 ## - PHYSICAL DESCRIPTION
Number of Pages 281p
500 ## - GENERAL NOTE
General note includes index and biblioraphy
505 2# - FORMATTED CONTENTS NOTE
Formatted contents note Notes, Index
650 ## - SUBJECT ADDED ENTRY--TOPICAL TERM
Topical Term Theology
650 ## - SUBJECT ADDED ENTRY--TOPICAL TERM
Topical Term Schleiermacher Friedrich-Theology
942 ## - ADDED ENTRY ELEMENTS (KOHA)
Koha item type Books
Holdings
Collection code Home library Current library Date acquired Cost, normal purchase price Full call number Accession Number Koha item type
  Henry Martyn Institute Library Henry Martyn Institute Library 08/01/2007 662.30 230 SCH2 015938 Books
                   Copyright © 2026 | Henry Martyn Institute | Hyderabad | TS-500052 | INDIA | Implemented by hmi.edu.in
Hit-Count:

Powered by Koha